[Event "Phu Quoc zt 3.3"]
[Site "Phu Quoc"]
[Date "2007.01.11"]
[Round "8"]
[White "Le, Quang Liem"]
[Black "Mariano, Nelson"]
[Result "1/2-1/2"]
[WhiteElo "2500"]
[BlackElo "2422"]
[PlyCount "28"]
[EventDate "2007.01.11"]
[EventType "swiss"]
[EventRounds "9"]
[EventCountry "VIE"]
[SourceTitle "CBM 116 Extra"]
[Source "ChessBase"]
[SourceDate "2007.03.07"]
[SourceVersion "1"]
[SourceVersionDate "2007.03.07"]
[SourceQuality "1"]

1. d4 d5 2. c4 c6 3. Nf3 Nf6 4. e3 a6 5. Qc2 Bg4 6. Nbd2 e6 7. Bd3 Bd6 8. b3 Bh5 9. 0-0 Nbd7 10. Bb2 Qb8 11. h3 0-0 12. Rfe1 e5 13. cxd5 cxd5 14. dxe5 Rc8 1/2-1/2

[Event "Phu Quoc zt 3.3"]
[Site "Phu Quoc"]
[Date "2007.01.11"]
[Round "1"]
[White "Mariano, Nelson"]
[Black "Lo, Kin Mun Dominic"]
[Result "1-0"]
[WhiteElo "2422"]
[BlackElo "2048"]
[PlyCount "53"]
[EventDate "2007.01.11"]
[EventType "swiss"]
[EventRounds "9"]
[EventCountry "VIE"]
[SourceTitle "CBM 116 Extra"]
[Source "ChessBase"]
[SourceDate "2007.03.07"]
[SourceVersion "1"]
[SourceVersionDate "2007.03.07"]
[SourceQuality "1"]

1. e4 c5 2. Nf3 Nc6 3. Bb5 g6 4. 0-0 Bg7 5. d3 a6 6. Bxc6 dxc6 7. h3 e5 8. Be3 Qe7 9. Nc3 Nf6 10. Qd2 Nd7 11. Nh2 0-0 12. f4 f6 13. fxe5 Qxe5 14. Rf2 b6 15. Raf1 Qe7 16. Ng4 Ne5 17. Nxe5 Qxe5 18. d4 Qe7 19. dxc5 Rd8 20. Qc1 b5 21. Rd1 Be6 22. Rfd2 f5 23. Rd6 Rdc8 24. Bd4 Bf8 25. Qf4 Rd8 26. Qe5 Rxd6 27. cxd6 1-0

[Event "Phu Quoc zt 3.3"]
[Site "Phu Quoc"]
[Date "2007.01.11"]
[Round "3"]
[White "Mariano, Nelson"]
[Black "Nguyen, Anh Dung"]
[Result "1/2-1/2"]
[WhiteElo "2422"]
[BlackElo "2533"]
[PlyCount "32"]
[EventDate "2007.01.11"]
[EventType "swiss"]
[EventRounds "9"]
[EventCountry "VIE"]
[SourceTitle "CBM 116 Extra"]
[Source "ChessBase"]
[SourceDate "2007.03.07"]
[SourceVersion "1"]
[SourceVersionDate "2007.03.07"]
[SourceQuality "1"]

1. e4 e5 2. Nf3 Nf6 3. d4 Nxe4 4. Bd3 d5 5. Nxe5 Nd7 6. Nc3 Nxe5 7. dxe5 Bb4 8. 0-0 Bxc3 9. bxc3 Be6 10. f4 f5 11. exf6 Qxf6 12. Bxe4 dxe4 13. Qh5+ Bf7 14. Qb5+ c6 15. Qb4 Qe7 16. Re1 Qxb4 1/2-1/2

[Event "Phu Quoc zt 3.3"]
[Site "Phu Quoc"]
[Date "2007.01.11"]
[Round "5"]
[White "Mariano, Nelson"]
[Black "Tu, Hoang Thong"]
[Result "1/2-1/2"]
[WhiteElo "2422"]
[BlackElo "2469"]
[PlyCount "20"]
[EventDate "2007.01.11"]
[EventType "swiss"]
[EventRounds "9"]
[EventCountry "VIE"]
[SourceTitle "CBM 116 Extra"]
[Source "ChessBase"]
[SourceDate "2007.03.07"]
[SourceVersion "1"]
[SourceVersionDate "2007.03.07"]
[SourceQuality "1"]

1. e4 e6 2. d4 d5 3. Nc3 Bb4 4. e5 b6 5. Qg4 Bf8 6. Nh3 Qd7 7. Bd3 Ba6 8. Nf4 Bxd3 9. Nxd3 h5 10. Qd1 Ne7 1/2-1/2

[Event "Phu Quoc zt 3.3"]
[Site "Phu Quoc"]
[Date "2007.01.11"]
[Round "2"]
[White "Wynn, Zaw Htung"]
[Black "Mariano, Nelson"]
[Result "1/2-1/2"]
[WhiteElo "2566"]
[BlackElo "2422"]
[PlyCount "57"]
[EventDate "2007.01.11"]
[EventType "swiss"]
[EventRounds "9"]
[EventCountry "VIE"]
[SourceTitle "CBM 116 Extra"]
[Source "ChessBase"]
[SourceDate "2007.03.07"]
[SourceVersion "1"]
[SourceVersionDate "2007.03.07"]
[SourceQuality "1"]

1. c4 e5 2. d3 Nc6 3. Nf3 Nf6 4. a3 a5 5. e3 Be7 6. Be2 0-0 7. Nbd2 d5 8. cxd5 Qxd5 9. 0-0 Rd8 10. Qc2 a4 11. h3 Nd7 12. d4 exd4 13. exd4 Nf8 14. Bc4 Nxd4 15. Nxd4 Qxd4 16. Nf3 Qd6 17. Bg5 Bxg5 18. Nxg5 Be6 19. Bxe6 fxe6 20. Rac1 Qf4 21. Nf3 c6 22. Rfe1 Rd5 23. Re4 Qf6 24. Rce1 Raa5 25. R1e2 Qg6 26. Nh4 Qf6 27. Nf3 Qg6 28. Nh4 Qf6 29. Nf3 1/2-1/2

[Event "Manila PGMA Cup 1st"]
[Site "Manila"]
[Date "2006.11.20"]
[Round "6"]
[White "Mariano, Nelson"]
[Black "Paez, Alfredo"]
[Result "1-0"]
[WhiteElo "2418"]
[BlackElo "2182"]
[PlyCount "93"]
[EventDate "2006.11.17"]
[EventType "swiss"]
[EventRounds "9"]
[EventCountry "PHI"]
[SourceTitle "CBM 115 Extra"]
[Source "ChessBase"]
[SourceDate "2007.01.10"]
[SourceVersion "1"]
[SourceVersionDate "2007.01.10"]
[SourceQuality "1"]

1. e4 Nc6 2. Nc3 e5 3. Nf3 Nf6 4. Bb5 Bc5 5. d3 h6 6. 0-0 d6 7. Ne2 Bd7 8. c3 a6 9. Ba4 Bb6 10. Ng3 Ne7 11. Be3 Bxe3 12. fxe3 Bxa4 13. Qxa4+ Qd7 14. Qb3 Qb5 15. d4 Qxb3 16. axb3 Nd7 17. b4 0-0 18. Ra5 f6 19. Rfa1 Nc6 20. R5a2 Rae8 21. Nh4 Kh7 22. b3 Rf7 23. Rc1 g6 24. d5 Ne7 25. c4 f5 26. exf5 g5 27. Nf3 Nxf5 28. Nxf5 Rxf5 29. c5 e4 30. Nd4 Rxd5 31. c6 bxc6 32. Rxc6 Ne5 33. Rxc7+ Kg6 34. h3 g4 35. Rxa6 gxh3 36. Rc5 h2+ 37. Kxh2 Ng4+ 38. Kg3 Nxe3 39. Rxd5 Nxd5 40. Rxd6+ Nf6 41. b5 Kg5 42. b6 Nh5+ 43. Kf2 Nf4 44. g3 Nh5 45. b7 e3+ 46. Kf3 Nf6 47. Rd8 1-0

[Event "Manila PGMA Cup 1st"]
[Site "Manila"]
[Date "2006.11.20"]
[Round "5"]
[White "Nolte, Rolando"]
[Black "Mariano, Nelson"]
[Result "1-0"]
[WhiteElo "2410"]
[BlackElo "2418"]
[PlyCount "121"]
[EventDate "2006.11.17"]
[EventType "swiss"]
[EventRounds "9"]
[EventCountry "PHI"]
[SourceTitle "CBM 115 Extra"]
[Source "ChessBase"]
[SourceDate "2007.01.10"]
[SourceVersion "1"]
[SourceVersionDate "2007.01.10"]
[SourceQuality "1"]

1. e4 c5 2. Nf3 d6 3. d4 cxd4 4. Nxd4 a6 5. Nc3 e6 6. Be3 b5 7. Qd2 Bb7 8. f3 Nf6 9. g4 Nfd7 10. 0-0-0 Nb6 11. Nb3 Nc4 12. Bxc4 bxc4 13. Nc5 Bc6 14. Bf4 d5 15. exd5 Bxc5 16. dxc6 Qxd2+ 17. Rxd2 Nxc6 18. Ne4 Bb4 19. c3 Be7 20. Bd6 Rc8 21. Bxe7 Kxe7 22. Nd6 Rc7 23. Nxc4 Nb4 24. b3 Nd5 25. Kc2 Rd8 26. Re1 Kf6 27. f4 g6 28. Re4 h6 29. h4 Rh8 30. Rd3 Rhc8 31. Red4 Kg7 32. f5 Rc6 33. Rf3 R8c7 34. Kd2 Rc8 35. Rdd3 Nf6 36. fxg6 fxg6 37. Ne5 R6c7 38. c4 g5 39. h5 Rf8 40. Ke2 a5 41. a3 Rb8 42. Kd2 Rbb7 43. Kc2 Rc5 44. Rxf6 Rxe5 45. Rg6+ Kh7 46. Rf3 Re2+ 47. Kc3 e5 48. c5 e4 49. Rff6 Re3+ 50. Kd4 Rd3+ 51. Kxe4 Rbxb3 52. Rxh6+ Kg8 53. Rhg6+ Kh7 54. Rf7+ Kh8 55. c6 a4 56. Rf8+ Kh7 57. Rf7+ Kh8 58. Rd7 Re3+ 59. Kd4 Rbd3+ 60. Kc5 Rc3+ 61. Kb6 1-0

[Event "Kuala Lumpur op 3rd"]
[Site "Kuala Lumpur"]
[Date "2006.08.21"]
[Round "2"]
[White "Mariano, Nelson"]
[Black "Subramaniam, Sumanth"]
[Result "1-0"]
[WhiteElo "2437"]
[BlackElo "2013"]
[PlyCount "51"]
[EventDate "2006.08.21"]
[EventType "swiss"]
[EventRounds "11"]
[EventCountry "MAS"]
[SourceTitle "CBM 114 Extra"]
[Source "ChessBase"]
[SourceDate "2006.11.03"]
[SourceVersion "1"]
[SourceVersionDate "2006.11.03"]
[SourceQuality "1"]

1. e4 c5 2. Ne2 Nc6 3. Nbc3 e5 4. Nd5 g6 5. Nec3 a6 6. a4 Bg7 7. Bc4 d6 8. d3 h6 9. Be3 Be6 10. 0-0 Nge7 11. Qd2 Nd4 12. Nxe7 Bxc4 13. Nxg6 fxg6 14. dxc4 g5 15. Rad1 Qd7 16. Nd5 Rd8 17. c3 Ne6 18. h4 Nf4 19. Bxf4 gxf4 20. Qe2 0-0 21. Qh5 Kh7 22. b3 Bh8 23. g4 f3 24. Kh2 Qe8 25. Qxe8 Rdxe8 26. Ne3 1-0

[Event "Malaga op 9th"]
[Site "Campillos"]
[Date "2006.03.02"]
[Round "7"]
[White "Gullaksen, Eirik Tvedt"]
[Black "Mariano, Nelson"]
[Result "1/2-1/2"]
[WhiteElo "2380"]
[BlackElo "2466"]
[PlyCount "40"]
[EventDate "2006.02.25"]
[EventType "swiss"]
[EventRounds "9"]
[EventCountry "ESP"]
[SourceTitle "CBM 111 Extra"]
[Source "ChessBase"]
[SourceDate "2006.05.09"]
[SourceVersion "1"]
[SourceVersionDate "2006.05.09"]
[SourceQuality "1"]

1. e4 e6 2. d4 d5 3. Nc3 Bb4 4. e5 c5 5. dxc5 Ne7 6. Nf3 Nd7 7. Bd3 a6 8. 0-0 h6 9. Na4 Bxc5 10. Nxc5 Nxc5 11. Be3 Nxd3 12. Qxd3 Qc7 13. Qb3 Bd7 14. Rfe1 Rc8 15. c3 0-0 16. Bb6 Qc4 17. Qa3 Rfe8 18. Nd4 Nf5 19. Rad1 Qa4 20. Qxa4 Bxa4 1/2-1/2

[Event "Malaga op 9th"]
[Site "Campillos"]
[Date "2006.02.28"]
[Round "5"]
[White "Terron Elena, Francisco Miguel"]
[Black "Mariano, Nelson"]
[Result "1/2-1/2"]
[WhiteElo "2230"]
[BlackElo "2466"]
[PlyCount "61"]
[EventDate "2006.02.25"]
[EventType "swiss"]
[EventRounds "9"]
[EventCountry "ESP"]
[SourceTitle "CBM 111 Extra"]
[Source "ChessBase"]
[SourceDate "2006.05.09"]
[SourceVersion "1"]
[SourceVersionDate "2006.05.09"]
[SourceQuality "1"]

1. d4 Nf6 2. c4 g6 3. Nc3 Bg7 4. e4 d6 5. Nf3 0-0 6. Be2 e5 7. 0-0 Nc6 8. d5 Ne7 9. Ne1 Ne8 10. Nd3 f5 11. Bd2 b6 12. f3 f4 13. g4 h5 14. h3 Kh8 15. Kg2 Ng8 16. b4 Bf6 17. a4 Bh4 18. a5 bxa5 19. Rxa5 Bg3 20. Be1 Qh4 21. Rh1 Rf7 22. Bf2 Bxf2 23. Nxf2 Rh7 24. Qg1 Nh6 25. Kf1 Nf7 26. Ke1 Ng5 27. Qg2 Nf6 28. Rg1 hxg4 29. hxg4 Kg8 30. Kd2 a6 31. Raa1 1/2-1/2

[Event "Kuala Lumpur op 2nd"]
[Site "Kuala Lumpur"]
[Date "2005.08.24"]
[Round "8"]
[White "Mariano, Nelson"]
[Black "Panggabean, Hasian"]
[Result "1-0"]
[WhiteElo "2466"]
[BlackElo "2222"]
[PlyCount "65"]
[EventDate "2005.08.20"]
[EventType "swiss"]
[EventRounds "11"]
[EventCountry "MAS"]
[SourceTitle "CBM 108 Extra"]
[Source "ChessBase"]
[SourceDate "2005.11.04"]
[SourceVersion "1"]
[SourceVersionDate "2005.11.04"]
[SourceQuality "1"]

1. e4 e6 2. d4 d5 3. Nc3 Bb4 4. e5 Qd7 5. a3 Bxc3+ 6. bxc3 b6 7. Nh3 Ba6 8. Bxa6 Nxa6 9. Nf4 g6 10. h4 Ne7 11. a4 0-0-0 12. Nd3 h6 13. Qe2 Nb8 14. a5 Nec6 15. axb6 cxb6 16. 0-0 Na5 17. Ba3 Nc4 18. Rfb1 Nc6 19. Bb4 Qe7 20. Nb2 Nxb2 21. Bd6 Rxd6 22. exd6 Qxd6 23. Rxb2 Kd7 24. c4 Rc8 25. c3 dxc4 26. h5 g5 27. Qxc4 Na5 28. Qd3 f5 29. Rb5 Ke7 30. Re1 Kf6 31. Rbe5 Nc4 32. Rxe6+ Qxe6 33. Rxe6+ 1-0

[Event "Minneapolis HB Global op"]
[Site "Minneapolis"]
[Date "2005.05.20"]
[Round "4"]
[White "Mariano, Nelson"]
[Black "Adianto, Utut"]
[Result "0-1"]
[WhiteElo "2468"]
[BlackElo "2588"]
[PlyCount "78"]
[EventDate "2005.05.18"]
[EventType "swiss"]
[EventRounds "9"]
[EventCountry "USA"]
[SourceTitle "CBM 107"]
[Source "ChessBase"]
[SourceDate "2005.08.01"]
[SourceVersion "1"]
[SourceVersionDate "2005.08.01"]
[SourceQuality "1"]

1. e4 c6 2. d4 d5 3. e5 Bf5 4. h4 h6 5. g4 Bd7 6. h5 e6 7. f4 c5 8. c3 Nc6 9. Nf3 Qb6 10. Kf2 Rc8 11. Kg3 f5 12. gxf5 Nge7 13. Bh3 Nxf5+ 14. Bxf5 exf5 15. dxc5 Bxc5 16. b4 Be7 17. Qxd5 Nd8 18. Qd3 g5 19. Qd4 gxf4+ 20. Kf2 Qe6 21. Rg1 Rc4 22. Qd3 Qb6+ 23. Nd4 Bh4+ 24. Ke2 Rxd4 25. Qxd4 Qa6+ 26. c4 Ne6 27. Qd5 f3+ 28. Kd3 f2 29. Rf1 Rg8 30. Nc3 Qb6 31. a3 Rg4 32. Ne2 f4 33. Bd2 f3 34. Qxf3 Nd4 35. Qxg4 Bxg4 36. Nxd4 Bxh5 37. Be3 Qg6+ 38. Kd2 Qg4 39. Rxf2 Bg5 0-1

[Event "Dubai op 07th"]
[Site "Dubai"]
[Date "2005.04.10"]
[Round "7"]
[White "Guseinov, Gadir"]
[Black "Mariano, Nelson"]
[Result "1-0"]
[WhiteElo "2573"]
[BlackElo "2468"]
[PlyCount "61"]
[EventDate "2005.04.04"]
[EventType "swiss"]
[EventRounds "9"]
[EventCountry "UAE"]
[SourceTitle "CBM 105 Extra"]
[Source "ChessBase"]
[SourceDate "2005.05.01"]
[SourceVersion "1"]
[SourceVersionDate "2005.05.01"]
[SourceQuality "1"]

1. e4 c5 2. Nf3 d6 3. d4 cxd4 4. Nxd4 a6 5. Nc3 e6 6. g3 b5 7. Bg2 Bb7 8. 0-0 Nd7 9. Re1 Be7 10. a4 bxa4 11. Rxa4 Qc7 12. Qh5 g6 13. Qe2 Nb6 14. Rb4 Nf6 15. Na4 Nxa4 16. e5 Bxg2 17. exf6 Bxf6 18. Nxe6 fxe6 19. Qxe6+ Qe7 20. Qxe7+ Bxe7 21. Kxg2 Nc5 22. Bg5 0-0-0 23. Rxe7 Rd7 24. Rh4 h5 25. Re1 Rf8 26. b4 Nb7 27. Rc4+ Kb8 28. Re6 Rg8 29. Rc6 Rc7 30. Rxa6 Rxc2 31. Bf4 1-0

[Event "Dubai op 07th"]
[Site "Dubai"]
[Date "2005.04.05"]
[Round "2"]
[White "Mariano, Nelson"]
[Black "Kacheishvili, Giorgi"]
[Result "0-1"]
[WhiteElo "2468"]
[BlackElo "2597"]
[PlyCount "70"]
[EventDate "2005.04.04"]
[EventType "swiss"]
[EventRounds "9"]
[EventCountry "UAE"]
[SourceTitle "CBM 105 Extra"]
[Source "ChessBase"]
[SourceDate "2005.05.01"]
[SourceVersion "1"]
[SourceVersionDate "2005.05.01"]
[SourceQuality "1"]

1. e4 c5 2. Ne2 Nc6 3. Nbc3 g6 4. g3 Bg7 5. Bg2 Rb8 6. 0-0 b5 7. f4 d6 8. f5 Nf6 9. Nf4 Ne5 10. Nfd5 e6 11. fxe6 Bxe6 12. Nxf6+ Bxf6 13. Ne2 Bg4 14. h3 Bxe2 15. Qxe2 0-0 16. d3 Bg7 17. c3 b4 18. Be3 Nc6 19. Qc2 Qa5 20. Bd2 Rb6 21. Kh2 bxc3 22. bxc3 Rfb8 23. Rab1 Rxb1 24. Rxb1 Rxb1 25. Qxb1 Bxc3 26. e5 Nxe5 27. Qb8+ Kg7 28. Qxd6 Nf3+ 29. Bxf3 Qxa2 30. Qxc5 Qxd2+ 31. Bg2 a5 32. Qc4 Be5 33. Qe4 Qg5 34. Qg4 Qe3 35. Qf3 Qe1 0-1

[Event "ASEAN GM 1st"]
[Site "Bangkok"]
[Date "2004.06.05"]
[Round "3"]
[White "Villamayor, Buenaventura"]
[Black "Mariano, Nelson"]
[Result "1/2-1/2"]
[WhiteElo "2469"]
[BlackElo "2416"]
[PlyCount "22"]
[EventDate "2004.06.04"]
[EventType "tourn"]
[EventRounds "10"]
[EventCountry "THA"]
[EventCategory "10"]
[SourceTitle "CBM 102"]
[Source "ChessBase"]
[SourceDate "2004.09.23"]
[SourceVersion "1"]
[SourceVersionDate "2004.09.23"]
[SourceQuality "1"]

1. e4 e6 2. d4 d5 3. exd5 exd5 4. Bd3 Qe7+ 5. Qe2 Qxe2+ 6. Nxe2 Bd6 7. Bf4 Bxf4 8. Nxf4 Nf6 9. Nd2 0-0 10. 0-0 Nc6 11. c3 Bd7 1/2-1/2

[Event "ASEAN GM 1st"]
[Site "Bangkok"]
[Date "2004.06.04"]
[Round "1"]
[White "Mariano, Nelson"]
[Black "Aung, Thant Zin"]
[Result "1-0"]
[WhiteElo "2416"]
[BlackElo "2466"]
[PlyCount "85"]
[EventDate "2004.06.04"]
[EventType "tourn"]
[EventRounds "10"]
[EventCountry "THA"]
[EventCategory "10"]
[SourceTitle "CBM 102"]
[Source "ChessBase"]
[SourceDate "2004.09.23"]
[SourceVersion "1"]
[SourceVersionDate "2004.09.23"]
[SourceQuality "1"]

1. e4 c5 2. Ne2 Nc6 3. Nbc3 g6 4. g3 Bg7 5. Bg2 e6 6. 0-0 Nge7 7. d3 0-0 8. Bg5 h6 9. Be3 Nd4 10. Qd2 Kh7 11. Rab1 d6 12. f4 Rb8 13. b4 Nec6 14. bxc5 dxc5 15. e5 b6 16. Ne4 Bb7 17. Nxd4 Nxd4 18. Rfd1 Qc7 19. c3 Nf5 20. Bf2 Rfd8 21. Qb2 c4 22. d4 Bxe4 23. Bxe4 Ne7 24. g4 b5 25. Qc2 Qd7 26. Bh4 Rg8 27. Bxe7 Qxe7 28. Kh1 f5 29. exf6 Qxf6 30. Rf1 Bf8 31. Rf3 Kh8 32. g5 Qf7 33. gxh6 Bd6 34. h7 Rg7 35. Rg1 Kxh7 36. Bxg6+ Rxg6 37. Rxg6 Qxg6 38. Rh3+ Kg7 39. Rg3 Qxg3 40. hxg3 b4 41. cxb4 Rxb4 42. Qc3 Kf7 43. Kg2 1-0

[Event "Dubai op 06th"]
[Site "Dubai"]
[Date "2004.04.20"]
[Round "2"]
[White "Mariano, Nelson"]
[Black "Korobov, Anton"]
[Result "1-0"]
[WhiteElo "2416"]
[BlackElo "2571"]
[PlyCount "49"]
[EventDate "2004.04.19"]
[EventType "swiss"]
[EventRounds "9"]
[EventCountry "UAE"]
[SourceTitle "CBM 101"]
[Source "ChessBase"]
[SourceDate "2004.07.27"]
[SourceVersion "1"]
[SourceVersionDate "2004.07.27"]
[SourceQuality "1"]

1. e4 c5 2. Ne2 Nc6 3. Nbc3 e6 4. g3 d5 5. exd5 exd5 6. Bg2 d4 7. Nd5 Nf6 8. Nef4 Nxd5 9. Nxd5 Bd6 10. 0-0 d3 11. b4 0-0 12. bxc5 Bxc5 13. Bb2 Qg5 14. cxd3 Bd7 15. h4 Qh6 16. Rc1 b6 17. d4 Bd6 18. Nxb6 axb6 19. Bxc6 Rxa2 20. Qb3 Ra7 21. Qxb6 Bb8 22. d5 Bg4 23. Rfe1 Ra2 24. Bc3 Ba7 25. Qb4 1-0

[Event "Asia Cities-ch 14th"]
[Site "Tagaytay City"]
[Date "2004.03.26"]
[Round "8.2"]
[White "Mariano, Nelson"]
[Black "Nadera, Barlo A"]
[Result "0-1"]
[WhiteElo "2416"]
[BlackElo "2390"]
[PlyCount "100"]
[EventDate "2004.03.21"]
[EventType "team-tourn"]
[EventRounds "9"]
[EventCountry "PHI"]
[SourceTitle "CBM 099 Extra"]
[Source "ChessBase"]
[SourceDate "2004.05.04"]
[SourceVersion "1"]
[SourceVersionDate "2004.05.04"]
[SourceQuality "1"]
[WhiteTeam "Mandaluyong"]
[BlackTeam "Pasay City"]
[WhiteTeamCountry "PHI"]
[BlackTeamCountry "PHI"]

1. e4 e6 2. d4 d5 3. Nc3 Bb4 4. e5 Ne7 5. a3 Bxc3+ 6. bxc3 c5 7. a4 Qc7 8. Nf3 Nbc6 9. Qd2 b6 10. Be2 Bd7 11. 0-0 0-0 12. Re1 f6 13. Bd3 fxe5 14. Nxe5 Nxe5 15. Rxe5 Rf6 16. Rh5 h6 17. c4 Raf8 18. f3 Be8 19. Rh3 cxd4 20. Ba3 R8f7 21. Bxe7 Rxe7 22. cxd5 e5 23. a5 b5 24. Qb4 Qd6 25. Qb3 Rc7 26. Rd1 Rc3 27. Qb2 a6 28. Rg3 Bf7 29. Be4 Rc5 30. Rg4 Bxd5 31. Bxd5+ Qxd5 32. Re4 Qc6 33. Re2 Qc7 34. Rde1 Kh8 35. Qa2 Rfc6 36. Qa3 Rf6 37. Qa2 b4 38. Qa4 Rb5 39. Rb1 Qc5 40. Kh1 Rxa5 41. Qe8+ Rf8 42. Qe6 Rf6 43. Qe8+ Kh7 44. Rbe1 Qb5 45. Rxe5 Qxe8 46. Rxe8 Rc6 47. Rb8 Rxc2 48. Rxb4 d3 49. Rd1 d2 50. Rbb1 Rac5 0-1

[Event "Olympiad-35"]
[Site "Bled"]
[Date "2002.11.01"]
[Round "7.4"]
[White "Mariano, Nelson"]
[Black "Thipsay, Praveen Mahadeo"]
[Result "1/2-1/2"]
[WhiteElo "2408"]
[BlackElo "2460"]
[PlyCount "162"]
[EventDate "2002.10.26"]
[EventType "team-swiss"]
[EventRounds "14"]
[EventCountry "SLO"]
[SourceTitle "EXT 2003"]
[Source "ChessBase"]
[SourceDate "2002.11.25"]
[SourceVersion "1"]
[SourceVersionDate "2002.11.25"]
[SourceQuality "1"]
[WhiteTeam "Philippines"]
[BlackTeam "India"]
[WhiteTeamCountry "PHI"]
[BlackTeamCountry "IND"]

1. e4 e5 2. Nf3 Nc6 3. Bb5 a6 4. Ba4 Nf6 5. 0-0 Be7 6. Re1 b5 7. Bb3 0-0 8. a4 Bb7 9. d3 d6 10. Nc3 Na5 11. Ba2 b4 12. Ne2 c5 13. Ng3 Bc8 14. Bc4 Nxc4 15. dxc4 Be6 16. b3 Nd7 17. Nf5 Nb8 18. Be3 Nc6 19. Nd2 Bf6 20. Nf1 Nd4 21. N1g3 g6 22. Nxd4 cxd4 23. Bh6 Re8 24. f4 a5 25. Qd3 Bd7 26. Rf1 Bg7 27. Bxg7 Kxg7 28. Rf2 f6 29. Raf1 Rf8 30. h4 Qe7 31. f5 gxf5 32. Nxf5+ Bxf5 33. Rxf5 Rf7 34. h5 Rg8 35. Qf3 h6 36. Kh1 Rff8 37. Qf2 Qe6 38. Qh4 Qe7 39. R1f3 Rf7 40. Kg1 Rff8 41. Kf1 Rf7 42. Kg1 Rff8 43. Rf2 Rf7 44. R5f3 Qe6 45. Kf1 Qe7 46. Rg3+ Kh7 47. Rxg8 Kxg8 48. Qg4+ Kh8 49. Qg6 Qf8 50. Qf5 Qe7 51. Rf3 Rf8 52. Rg3 Rg8 53. Rxg8+ Kxg8 54. Kf2 Qf7 55. Kf3 Kf8 56. Qc8+ Kg7 57. Kg4 Kh7 58. Qf5+ Kg7 59. Kh4 Qe8 60. Qg4+ Kh7 61. Kg3 Qf7 62. Qf5+ Kg7 63. Kf3 Qe8 64. g4 Qf7 65. Qc8 Qe7 66. Qa8 f5 67. exf5 Qh4 68. Qb7+ Kf6 69. Qh7 Qh1+ 70. Kf2 Qh2+ 71. Ke1 Qg1+ 72. Kd2 Qf2+ 73. Kc1 e4 74. Qxh6+ Ke5 75. Qg5 e3 76. f6+ Ke6 77. Qd5+ Kxf6 78. g5+ Ke7 79. Qb7+ Ke6 80. Qd5+ Ke7 81. Qb7+ Ke6 1/2-1/2